000 01188cam a2200337Ma 4500
001 47451
005 20230410124218.0
008 890609s1983 ag a 001 0 spa d
035 _a(OCoLC)ocm55280844
040 _aDIBAM
_bspa
_cDIBAM
020 _a9509106372
020 _a9789509106376
035 _a(OCoLC)55280844
041 1 _aspa
_hfre
050 1 4 _aP 92
_bV547c 1983
082 0 0 _a302.2340944
049 _aGRAL
100 1 _aVerón, Eliseo.
245 1 0 _aConstruir el acontecimiento :
_blos medios de comunicación masiva y el accidente en la central nuclear de Three Mile Island /
_cEliseo Verón ; [traducido por Beatriz Anastasi de Lonné y Horacio Verbitsky].
250 _a1a. ed.
260 _aBuenos Aires :
_bGedisa :
_bCeltia,
_c1983.
300 _a201 p. :
_bil. ;
_c20 cm.
490 0 _aColección libertad y cambio. Tema: comunicación
490 0 _aEl mamífero parlante
500 _aTítulo original: Construire l'événement.
610 2 0 _aThree Mile Island Nuclear Power Plant (Pa.)
650 0 _aMass media
_zFrance.
650 0 _aNuclear power plants
_zPennsylvania
_zHarrisburg Region
_xAccidents.
942 _2lcc
_cbk
994 _aC0
_bDRFGD
999 _c73229
_d73229